Message from Nam / (Record no. 5599)

MARC details
000 -LEADER
fixed length control field 01068cam a2200289 a 4500
001 - CONTROL NUMBER
control field 3873274
003 - CONTROL NUMBER IDENTIFIER
control field GBCCL
005 - DATE AND TIME OF LATEST TRANSACTION
control field 20241126110545.0
008 - FIXED-LENGTH DATA ELEMENTS--GENERAL INFORMATION
fixed length control field 890809s1990 nyu 000 1 eng
010 ## -
-- 89039230
020 ## - INTERNATIONAL STANDARD BOOK NUMBER
International Standard Book Number 0385299079 :
Terms of availability $21.95 ($27.50 Can.)
040 ## - CATALOGING SOURCE
Original cataloging agency DLC
Transcribing agency DLC
Modifying agency DLC
-- OCoLC
-- DLC
043 ## -
-- a-vt---
050 00 -
-- PS3569.T33828
-- M4 1990
082 00 - DEWEY DECIMAL CLASSIFICATION NUMBER
Classification number 813.54
Edition information 20
Item number STE
100 1# - MAIN ENTRY--PERSONAL NAME
Personal name Steel, Danielle.
9 (RLIN) 10121
245 10 - TITLE STATEMENT
Title Message from Nam /
Statement of responsibility, etc. Danielle Steel.
260 ## - PUBLICATION, DISTRIBUTION, ETC.
Place of publication, distribution, etc. New York, N.Y. :
Name of publisher, distributor, etc. Delacorte Press,
Date of publication, distribution, etc. c1990.
300 ## - PHYSICAL DESCRIPTION
Extent xiii, 389 p. ;
Dimensions 25 cm.
650 #0 - SUBJECT ADDED ENTRY--TOPICAL TERM
Topical term or geographic name entry element Vietnam War, 1961-1975
Form subdivision Fiction.
9 (RLIN) 10122
655 #7 - INDEX TERM--GENRE/FORM
Genre/form data or focus term War stories.
Source of term gsafd
9 (RLIN) 10123
856 41 - ELECTRONIC LOCATION AND ACCESS
Materials specified Sample text
Uniform Resource Identifier <a href="http://www.loc.gov/catdir/samples/random041/89039230.html">http://www.loc.gov/catdir/samples/random041/89039230.html</a>
856 42 - ELECTRONIC LOCATION AND ACCESS
Materials specified Publisher description
Uniform Resource Identifier <a href="http://www.loc.gov/catdir/description/random042/89039230.html">http://www.loc.gov/catdir/description/random042/89039230.html</a>
906 ## - LOCAL DATA ELEMENT F, LDF (RLIN)
a 7
b cbc
c orignew
d 1
e ocip
f 19
g y-gencatlg
942 ## - ADDED ENTRY ELEMENTS (KOHA)
Source of classification or shelving scheme Dewey Decimal Classification
Koha item type Books
Holdings
Withdrawn status Lost status Source of classification or shelving scheme Damaged status Not for loan Home library Current Library Shelving location Date acquired Total checkouts Full call number Barcode Date last seen Copy number Price effective from Koha item type
    Dewey Decimal Classification     GRACE BIBLE COLLEGE GRACE BIBLE COLLEGE General Studies 2018-03-29   813.54 STE 005598 2025-05-01 c.1 2018-03-29 Books
© Grace Bible College Library 2025